| 000 | 00909nam a2200229Ia 4500 | ||
|---|---|---|---|
| 001 | 17696 | ||
| 003 | GE_BSU | ||
| 008 | 181216s||||||||xx |||||||||||||| ||und|| | ||
| 020 | _a978-9941-0-6834-8 | ||
| 040 | _cGE_BSU | ||
| 080 | _a633.88(479.22)+615+581 | ||
| 100 | _aპაპუნიძე, ვ. (ვანო) | ||
| 245 | _aსაქართველოს სამკურნალო მცენარეები | ||
| 250 | _aმე-3 შევსებული გამოცემა | ||
| 260 | _bსაქ. მეცნ. ეროვნ. აკად. სტ | ||
| 260 | _c2014 | ||
| 300 | _a216 გვ. : ფერ. ფოტ. ; 29 სმ. | ||
| 300 | _eსაძიებელი: გვ. 207-210. | ||
| 520 | _aრეზ. რუს. და ინგლ | ||
| 653 | _aსაქართველოს სამკურნალო მცენარეები | ||
| 942 | _cBK | ||
| 999 |
_c50744 _d50744 |
||